<?xml version="1.0" encoding="UTF-8"?><?xml-stylesheet type="text/xsl" href="static/style.xsl"?><OAI-PMH xmlns="http://www.openarchives.org/OAI/2.0/" xmlns:xsi="http://www.w3.org/2001/XMLSchema-instance" xsi:schemaLocation="http://www.openarchives.org/OAI/2.0/ http://www.openarchives.org/OAI/2.0/OAI-PMH.xsd"><responseDate>2026-04-28T19:01:31Z</responseDate><request verb="GetRecord" identifier="oai:uvadoc.uva.es:10324/48705" metadataPrefix="marc">https://uvadoc.uva.es/oai/request</request><GetRecord><record><header><identifier>oai:uvadoc.uva.es:10324/48705</identifier><datestamp>2021-09-28T09:36:24Z</datestamp><setSpec>com_10324_38</setSpec><setSpec>col_10324_852</setSpec></header><metadata><record xmlns="http://www.loc.gov/MARC21/slim" xmlns:doc="http://www.lyncode.com/xoai" xmlns:xsi="http://www.w3.org/2001/XMLSchema-instance" xmlns:dcterms="http://purl.org/dc/terms/" xsi:schemaLocation="http://www.loc.gov/MARC21/slim http://www.loc.gov/standards/marcxml/schema/MARC21slim.xsd">
<leader>00925njm 22002777a 4500</leader>
<datafield tag="042" ind1=" " ind2=" ">
<subfield code="a">dc</subfield>
</datafield>
<datafield tag="720" ind1=" " ind2=" ">
<subfield code="a">Granado Sevilla, María José</subfield>
<subfield code="e">author</subfield>
</datafield>
<datafield tag="260" ind1=" " ind2=" ">
<subfield code="c">2021</subfield>
</datafield>
<datafield tag="520" ind1=" " ind2=" ">
<subfield code="a">El amor romántico es venerado por la sociedad y las relaciones que de él &#xd;
nacen asumen el rol de “ideales”. Esta idealización es provocada por los &#xd;
mensajes que emiten los medios de comunicación y la publicidad, en los &#xd;
cuales se induce a la interiorización de los mitos que componen a este tipo &#xd;
de amor, dejando secuelas en el imaginario colectivo de la sociedad. &#xd;
Dichas secuelas afectan, sobre todo, en las relaciones afectivo-sexuales que &#xd;
las personas desarrollen a lo largo de su vida. Esto viene hostigado por la &#xd;
perpetuación de los estereotipos y roles de género, llegando a degenerar, &#xd;
en relaciones tóxicas y violencia de género. &#xd;
Frente a esto, se debe educar a la sociedad desde la infancia para ser críticos &#xd;
en cuanto a los contenidos audiovisuales que ven y a la desinformación a la &#xd;
que son sometidos.</subfield>
</datafield>
<datafield tag="024" ind2=" " ind1="8">
<subfield code="a">https://uvadoc.uva.es/handle/10324/48705</subfield>
</datafield>
<datafield tag="245" ind1="0" ind2="0">
<subfield code="a">El amor romántico en la pantalla. Una propuesta educomunicativa para el análisis de películas</subfield>
</datafield>
</record></metadata></record></GetRecord></OAI-PMH>